Código Procesal Penal de la Provincia de Buenos Aires : 2018 /
Guardado en:
| Formato: | Libro |
|---|---|
| Idioma: | Spanish |
| Publicado: |
Buenos Aires :
Erreius,
2018
|
| Edición: | 1º ed. |
| Materias: | |
| Etiquetas: |
Agregar Etiqueta
Sin Etiquetas, Sea el primero en etiquetar este registro!
|
| LEADER | 00493nam a22001575a 4500 | ||
|---|---|---|---|
| 001 | DER.der013574 | ||
| 005 | 20190523135714.0 | ||
| 008 | 180615s2018####ag#||||||||||||||#||spa|| | ||
| 020 | |a 978-987-4405-36-4 | ||
| 245 | 1 | 0 | |a Código Procesal Penal de la Provincia de Buenos Aires : |b 2018 / |c Buenos Aires - Códigos |
| 250 | |a 1º ed. | ||
| 260 | |a Buenos Aires : |b Erreius, |c 2018 | ||
| 300 | |a 436 p. | ||
| 653 | |a CODIGOS | ||
| 653 | |a DERECHO PROCESAL PENAL | ||
| 859 | |a DERECHO |b BIB. DERECHO |h 348.023 |i COD |p 008584 | ||
